000 00305nam a22001097a 4500
008 170120b xxu||||| |||| 00| 0 eng d
020 _a0721681034
041 _aeng
080 _23RD
_a618.2
245 _aINTERPERSONAL RELATIONSHIPS/ PROFESSIONAL COMMUNICATION SKILLS FOR NURSES
_cARNOLD, E
942 _2udc
_cBK
999 _c3294
_d3294